|
|
|
|
| LEADER |
02501nam a22004575i 4500 |
| 001 |
978-0-585-34587-1 |
| 003 |
DE-He213 |
| 005 |
20151204143544.0 |
| 007 |
cr nn 008mamaa |
| 008 |
100301s1997 xxu| s |||| 0|eng d |
| 020 |
|
|
|a 9780585345871
|9 978-0-585-34587-1
|
| 024 |
7 |
|
|a 10.1007/b102403
|2 doi
|
| 040 |
|
|
|d GrThAP
|
| 050 |
|
4 |
|a L1-991
|
| 072 |
|
7 |
|a JN
|2 bicssc
|
| 072 |
|
7 |
|a EDU000000
|2 bisacsh
|
| 082 |
0 |
4 |
|a 370
|2 23
|
| 100 |
1 |
|
|a Brooks, David W.
|e author.
|
| 245 |
1 |
0 |
|a Web-Teaching
|h [electronic resource] :
|b A Guide to Designing Interactive Teaching for the World Wide Web /
|c by David W. Brooks.
|
| 264 |
|
1 |
|a Boston, MA :
|b Springer US,
|c 1997.
|
| 300 |
|
|
|a XXI, 214 p. 83 illus.
|b online resource.
|
| 336 |
|
|
|a text
|b txt
|2 rdacontent
|
| 337 |
|
|
|a computer
|b c
|2 rdamedia
|
| 338 |
|
|
|a online resource
|b cr
|2 rdacarrier
|
| 347 |
|
|
|a text file
|b PDF
|2 rda
|
| 490 |
1 |
|
|a Innovations in Science Education and Technology ;
|v 3
|
| 505 |
0 |
|
|a Research on Teaching; Web Issues -- Multimedia Overview -- Web-Ready Materials -- Images -- Movies; Desktop Television Editing -- Other Media -- Encouraging Web-Based Discussion -- Interactive Strategies; Forms -- Promotion of Self-Regulated Learning -- Creating and Managing Web Sites -- Weblets, CD-ROMS -- Security Issues; Intranets; Courses for Credit -- Lecturing; Multimedia Classrooms.
|
| 520 |
|
|
|a Based on the author's experience using computers and multimedia in teaching large, multisection courses, this groundbreaking text demonstrates how teaching professionals at all levels of instruction can use `paperless' electronic dialoguing to dramatically improve classroom instruction. The book explains how to employ such tools as: hypertext, animation, morphs, CAD, and virtual reality interactive strategies using of e-mail `self-regulation', a means of enhancing students'independence and efficiency and `intranets', networks that are off the Web but operate on the same basic principle.
|
| 650 |
|
0 |
|a Education.
|
| 650 |
|
0 |
|a Computer science.
|
| 650 |
1 |
4 |
|a Education.
|
| 650 |
2 |
4 |
|a Education, general.
|
| 650 |
2 |
4 |
|a Computer Science, general.
|
| 710 |
2 |
|
|a SpringerLink (Online service)
|
| 773 |
0 |
|
|t Springer eBooks
|
| 776 |
0 |
8 |
|i Printed edition:
|z 9780306455520
|
| 830 |
|
0 |
|a Innovations in Science Education and Technology ;
|v 3
|
| 856 |
4 |
0 |
|u http://dx.doi.org/10.1007/b102403
|z Full Text via HEAL-Link
|
| 912 |
|
|
|a ZDB-2-SHU
|
| 912 |
|
|
|a ZDB-2-BAE
|
| 950 |
|
|
|a Humanities, Social Sciences and Law (Springer-11648)
|